Minerals of California: centennial volume, 1866-1966, (Record no. 30514)

MARC details
000 -LEADER
fixed length control field 01087cam a2200289 4500
001 - CONTROL NUMBER
control field gs 68000305
003 - CONTROL NUMBER IDENTIFIER
control field DLC
005 - DATE AND TIME OF LATEST TRANSACTION
control field 20260227111423.0
008 - FIXED-LENGTH DATA ELEMENTS--GENERAL INFORMATION
fixed length control field 690527s1966 cauac b 001 0 eng c
010 ## - LIBRARY OF CONGRESS CONTROL NUMBER
LC control number gs 68000305
040 ## - CATALOGING SOURCE
Original cataloging agency U.S. Geological Survey Library
Transcribing agency DLC
Modifying agency DLC
043 ## - GEOGRAPHIC AREA CODE
Geographic area code n-us-ca
050 00 - LIBRARY OF CONGRESS CALL NUMBER
Classification number TN24.C2
Item number A3 no. 189
051 ## - LIBRARY OF CONGRESS COPY, ISSUE, OFFPRINT STATEMENT
Classification number QE375.C32
Item number M82
082 00 - DEWEY DECIMAL CLASSIFICATION NUMBER
Classification number 549.9/794
100 1# - MAIN ENTRY--PERSONAL NAME
Personal name Murdoch, Joseph,
Dates associated with a name 1890-
245 10 - TITLE STATEMENT
Title Minerals of California: centennial volume, 1866-1966,
Statement of responsibility, etc. by Joseph Murdoch and Robert Wallace Webb, with sections by Ian Campbell and Eleanor M. Learned.
260 ## - PUBLICATION, DISTRIBUTION, ETC.
Place of publication, distribution, etc. San Francisco,
Name of publisher, distributor, etc. California Division of Mines and Geology,
Date of publication, distribution, etc. 1966.
300 ## - PHYSICAL DESCRIPTION
Extent 559 p.
Other physical details illus., ports.
Dimensions 24 cm.
350 ## - PRICE (NR) (BK AM CF MU VM SE) [OBSOLETE]
Price 5.00
490 1# - SERIES STATEMENT
Series statement California. Division of Mines and Geology. Bulletin
Volume/sequential designation 189
504 ## - BIBLIOGRAPHY, ETC. NOTE
Bibliography, etc. note Bibliography: p. 395-515.
650 #0 - SUBJECT ADDED ENTRY--TOPICAL TERM
Topical term or geographic name entry element Mineralogy
Geographic subdivision California.
650 #0 - SUBJECT ADDED ENTRY--TOPICAL TERM
Topical term or geographic name entry element Mines and mineral resources
Geographic subdivision California.
700 1# - ADDED ENTRY--PERSONAL NAME
Personal name Webb, Robert Wallace,
Dates associated with a name 1909-
Relator term joint author.
830 #0 - SERIES ADDED ENTRY--UNIFORM TITLE
Uniform title Bulletin (California. Division of Mines and Geology) ;
Volume/sequential designation 189.

No items available.

Powered by Koha